101 soru 101 cevap bölge açısından az gelişmişlik / (Kayıt no. 10189)

MARC ayrıntıları
000 -BAŞLIK
Sabit Uzunluktaki Kontrol Alanı 01119nam a22002417a 4500
003 - KONTROL NUMARASI KİMLİĞİ
Kontrol Alanı KOHA_MİRAKIL
005 - EN SON İŞLEM TARİHİ ve ZAMANI
Kontrol Alanı 20260414071321.0
008 - SABİT UZUNLUKTAKİ VERİ ÖGELERİ - GENEL BİLGİ
Sabit Alan 260408b tu ||||| |||| 00| 0 tur d
040 ## - KATALOGLAMA KAYNAĞI
Özgün Kataloglama Kurumu TR-AnABB
Kataloglama Dili tur
Çeviri Kurumu TR-AnABB
041 ## - DİL KODU
Metin ya da ses kaydının dil kodu tur
082 ## - DEWEY ONU SINIFLAMA SİSTEMİ
Sınıflama Numarası 338.9561
Cutter numarası ERK 1987
100 1# - KİŞİ ADI
Yazar Adı (Kişi adı) Erkal, Mustafa
245 10 - ESER ADI BİLDİRİMİ
Başlık 101 soru 101 cevap bölge açısından az gelişmişlik /
Sorumluluk Bildirimi Mustafa Erkal
246 ## - DEĞİŞİK BAŞLIK FORMU
Başlık uygun / kısa başlık Az gelişmişlik
260 ## - YAYIN, DAĞITIM, VB.
Yayın Yeri İstanbul :
Yayınevi Boğaziçi yayınları,
Yayın Tarihi 1982
300 ## - FİZİKSEL TANIMLAMA
Sayfa, Cilt vb. 268 sayfa ;
Boyutları 20 cm
500 ## - GENEL NOT
Genel Not Yazar tarafından imzalı
505 ## - İÇİNDEKİLER NOTU
İçindekiler Notu İçindekiler: Çeşitli açılardan bölge - Kalkınmada mekan boyutunun yeri - Ekonomik gelişme ve büyümeye sosyolojik bir yaklaşım -Türkiye'de Ülke ve bölge kalkınmasına bakış - Ekonomik kalkınma eğitim ilişkileri ve az gelişmiş bölgeler - Az gelişmiş bölgeler ve emparyalizim - Bazı Sosyal ve ekonomik meselerimiz açısından Doğu ve Gündeydoğu Anadolu bölgeleri
650 00 - KONU BAŞLIĞI EK GİRİŞ - KONU TERİMİ
Konusal terim veya coğrafi ad Ekonomik Politika
650 00 - KONU BAŞLIĞI EK GİRİŞ - KONU TERİMİ
Konusal terim veya coğrafi ad Ekonomik politika, Türkiye
900 ## - YEREL BİLGİ
Kontrol Can ÇELIK
942 ## - EK GİRİŞ ÖGELERİ (KOHA)
Sınıflama Kaynağı Dewey Decimal Classification
Materyal Türü Kitap
Mevcut
Geri Çekilme Durumu Kayıp Durumu Sınıflandırma Kaynağı Kredi için değil Kalıcı Konum Mevcut Konum Kayıt Tarih Toplam Ödünçverme Yer Numarası Demirbaş Numarası Son Görülme Tarihi Fatura Tarihi Materyal Türü
    Dewey Decimal Classification   Prof. Dr. Ruşen Keleş Kütüphanesi Prof. Dr. Ruşen Keleş Kütüphanesi 08/04/2026   338.9561 ERK 1987 RK7040 08/04/2026 08/04/2026 Kitap